00517nam a2200193 a 4500001001300000003000900013005001700022008004100039020002300080082001700103100002100120245004500141260004400186300000900230500003500239505001000274650001800284700002100302nice12345678IN_TiNIC20260116014559.0050524s2002 lona grp 000 0 eng  a0193600 c14500a355.424bDEG aDe Grazia, David aAnimal Rights, a Very Short Introduction aLondan bOxford University Press c2002 a131p aincludes index and biblioraphy2 aIndex aAnimal Rights1 aDe Grazia, David